00479nam a2200193Ia 4500003000400000005001700004008004100021020001800062040000700080041001200087082001700099100002100116245003800137260004700175300001600222365001700238650001500255650001500270OSt20250723094505.0210423s2013 xx 000 0 und d a9780521125802 cAL aEnglish a144.3 bMALC aAlan Malachowski aCambridge companion to pragmatism aNew YorkbCambridge University Pressc2013 axv,378pbPB b2060.42cGBP aPhilosophy aPhilosophy